हरियल तोता/ (Record no. 202709)

MARC details
000 -LEADER
fixed length control field 00742 a2200193 4500
005 - DATE AND TIME OF LATEST TRANSACTION
control field 20240802152934.0
010 ## - LCCN (DPL NO)
LC control number B-758966
020 ## - INTERNATIONAL STANDARD BOOK NUMBER
International Standard Book Number 9788188995806
Terms of availability 300.00
035 ## - SYSTEM CONTROL NUMBER
System control number B-758966
037 ## - SOURCE OF ACQUISITION
Source of stock number/acquisition उपहार
082 ## - DEWEY DECIMAL CLASSIFICATION NUMBER
Classification number
100 ## - MAIN ENTRY--PERSONAL NAME
Personal name हमीदुल्ला
245 ## - TITLE STATEMENT
Title हरियल तोता/
Statement of responsibility, etc हमीदुल्ला
260 ## - PUBLICATION, DISTRIBUTION, ETC. (IMPRINT)
Place of publication, distribution, etc न्यू दिल्ली
Name of publisher, distributor, etc ज्ञानदीप प्रकाशन
Date of publication, distribution, etc 2021
270 ## - ADDRESS
Address 3/689 महरौली
City न्यू दिल्ली
Postal code 110030
300 ## - PHYSICAL DESCRIPTION
Extent 64 पृष्ठ.;
Dimensions 24cm. (साजिल्द)
942 ## - ADDED ENTRY ELEMENTS (KOHA)
Institution code [OBSOLETE] dpl
Item type Children Books
Source of classification or shelving scheme Dewey Decimal Classification
Classification part
Call number suffix हमीदु
Holdings
Withdrawn status Lost status Not for loan Collection code Home library Current library Date acquired Source of acquisition Cost, normal purchase price Full call number Barcode Cost, replacement price Koha item type Public note
      Fiction Sarojini Nagar Sarojini Nagar 06/05/2024 उपहार /29.4.24 300.00 क हमीदु B-758966 300.00 Children Books उपहार

© Delhi Public Library
Hit Counter
free hit counter